О геометрических местах точек; Известия Томского политехнического института [Известия ТПИ]; Т. 143 : Начертательная геометрия и графика

מידע ביבליוגרפי
Parent link:Известия Томского политехнического института [Известия ТПИ]/ Томский политехнический институт (ТПИ).— , 1944-1976
Т. 143 : Начертательная геометрия и графика.— 1966.— [С. 57-69]
מחבר ראשי: Сибирцев С. Ф.
סיכום:Заглавие с титульного листа
Электронная версия печатной публикации
שפה:רוסית
יצא לאור: 1966
נושאים:
גישה מקוונת:Черно-белая версия для предварительного просмотра
Цветная версия без потери качества
פורמט: MixedMaterials אלקטרוני Book Chapter
KOHA link:https://koha.lib.tpu.ru/cgi-bin/koha/opac-detail.pl?biblionumber=206829

MARC

LEADER 00000nla2a2200000 4500
001 206829
005 20231031190835.0
035 |a (RuTPU)RU\TPU\book\225523 
035 |a RU\TPU\book\225522 
090 |a 206829 
100 |a 20120117d1966 k y0rusy50 ca 
101 0 |a rus 
102 |a RU 
135 |a drnn ---uucaa 
181 0 |a i  
182 0 |a b 
200 1 |a О геометрических местах точек  |b Электронный ресурс  |f С. Ф. Сибирцев 
203 |a Текст  |c электронный 
215 |a 2 файла (552 Кб, 18.7 Мб) 
230 |a Электронные текстовые данные (2 файла : 552 Кб, 18.7 Мб) 
300 |a Заглавие с титульного листа 
300 |a Электронная версия печатной публикации 
320 |a [Библиогр.: с. 69 (6 назв.)] 
337 |a Adobe Reader 
461 1 |0 (RuTPU)RU\TPU\book\200995  |t Известия Томского политехнического института [Известия ТПИ]  |f Томский политехнический институт (ТПИ)  |d 1944-1976 
463 1 |0 (RuTPU)RU\TPU\book\225514  |t Т. 143 : Начертательная геометрия и графика  |v [С. 57-69]  |d 1966  |p 80 с. 
610 1 |a электронный ресурс 
610 1 |a труды учёных ТПУ 
700 1 |a Сибирцев  |b С. Ф. 
801 1 |a RU  |b 63413507  |c 20090320  |g PSBO 
801 2 |a RU  |b 63413507  |c 20120321  |g PSBO 
856 4 |u http://www.lib.tpu.ru/fulltext/v/Bulletin_TPU/1966/v143/07_bw.pdf  |z Черно-белая версия для предварительного просмотра 
856 4 |u http://www.lib.tpu.ru/fulltext/v/Bulletin_TPU/1966/v143/07_full.pdf  |z Цветная версия без потери качества 
942 |c CF